00766nam a22002057a 4500003000200000005001700002008004100019020001800060050002500078100002800103245017800131260003700309300003300346504005100379650001500430650002200445650004500467650002200512700002600534020241003093038.0241003b xxu||||| |||| 00| 0 eng d a9781982134143 aHQ 755.8b.F115 2021 aFaber, Joanna,eauthor. aHow to talk when kids won't listen :bwhining, fighting, meltdowns, defiance, and other challenges of childhood /cJoanna Faber & Julie King ; illustrated by Emily Wimberly. aNew York, NY :bScribner,c2021. axi, 387 p. :bill. ;c22 cm. aIncludes bibliographical references and index. aParenting. aParent and child. aInterpersonal communication in children. aProblem children. aKing, Julie,eauthor.